| 000 | 01045nam a2200313 c 4500 | ||
|---|---|---|---|
| 003 | BLK | ||
| 005 | 20230925114057.0 | ||
| 008 | 180409b bul|||||r ||||||| ||bul|| | ||
| 010 | _aKNG00103240000 | ||
| 020 |
_a954-9761-25-8 ( _bиздат.: Световит |
||
| 040 | _aBLK | ||
| 041 |
_aBUL _cBUL |
||
| 080 |
_aБългарска литература _b821.163.2 _x-31 _z821.163.2-31 |
||
| 100 | 1 |
_aХристозов, Петър _eпърви автор _9370891 |
|
| 139 |
_aХристозов, Петър _bХ 82 |
||
| 245 | 1 | 0 |
_aБанкерът _bРоман _cПетър Христозов. |
| 257 | _aBGR | ||
| 260 |
_аСофия _bСветовит _c2002 _fВраца : Полипринт АД |
||
| 300 |
_a204 с. _c20 см |
||
| 380 | _aX | ||
| 500 | _aПетър Христозов - псевд. на Христо Вълчев. | ||
| 653 | _aромани | ||
| 852 | _aЦб 212632 | ||
| 856 | 4 |
_qpdf _u |
|
| 856 | 4 |
_qpdf _u |
|
| 942 |
_cKNG _n0 _03 |
||
| 944 |
_aCR _c01.01.2002 _k30530 _lМинев Младен |
||
| 944 |
_aED _c15.01.2003 _k |
||
| 999 |
_c98302 _d98302 |
||